| 000 | 00853nam a2200241Ia 4500 | ||
|---|---|---|---|
| 003 | OSt | ||
| 005 | 20220916110903.0 | ||
| 006 | a|||||r|||| 00| 0 | ||
| 007 | ta | ||
| 008 | 220915b |||||||| |||| 00| 0 hin d | ||
| 024 | _a205289 | ||
| 037 | _cTextbook | ||
| 040 |
_bhin _aARTS _cARTS |
||
| 041 | _ahin | ||
| 082 | _aP15:30J4, 152J1-;1-;2-;3 | ||
| 100 | _aद्विवेदी, कपिल देव | ||
| 245 | 0 | _aअर्थ विज्ञान और व्याकरण दर्शन | |
| 246 | _aArtha vijnyān aur vyākaraṇ darshana | ||
| 260 |
_aइलाहाबाद _bहिन्दुस्तानी ऐकेडमी _c1951 |
||
| 300 |
_a398पृ0 _ccm. |
||
| 942 |
_hP15:30J4, 152J1-;1-;2-;3 _cTB _2CC |
||
| 999 |
_c100442 _d100442 |
||